书目信息 |
| 题名: |
阿德里安·卢基尼
|
|
| 作者: | 奥赫达 , 奥赫达 编 ;张育南 译 | |
| 分册: | ||
| 出版信息: | 北京 中国建筑工业出版社 2000 |
|
| 页数: | 143页 | |
| 开本: | 22cm | |
| 丛书名: | 当代国外著名建筑师作品精选 | |
| 单 册: | ||
| 中图分类: | TU206 | |
| 科图分类: | ||
| 主题词: | 建筑艺术--jian zhu yi shu--世界 , 建筑设计 | |
| 电子资源: | ||
| ISBN: | 7-112-04376-X | |
| 000 | 01120nam 2200313 450 | |
| 001 | CAL 012001217035 | |
| 005 | 20061121110611.50 | |
| 010 | @a7-112-04376-X@dCNY 68.00 | |
| 099 | @aCAL 012001217035 | |
| 100 | @a20010410d2000 ekmy0chiy0121 ea | |
| 101 | 1 | @achi@ceng |
| 102 | @aCN@b110000 | |
| 105 | @aac z 000yy | |
| 200 | 1 | @a阿德里安·卢基尼@Aa de li an· lu ji ni@f(美)奥赫达编@F(mei)ao he da bian@f= Oscar Riera Ojeda@g张育南译 |
| 210 | @a北京@c中国建筑工业出版社@d2000 | |
| 215 | @a143页@c图 (部分彩图), 肖像@d22cm | |
| 225 | 2 | @a当代国外著名建筑师作品精选@Adang dai guowai zhu ming jian zhu shi zuo pin jing xuan@d= Contemporary world architects@zeng |
| 306 | @a由美国Rockport出版社授权出版。 | |
| 311 | @a据美国Rockport出版社1999年英文版译出。 | |
| 410 | 0 | @12001 @a当代国外著名建筑师作品精选 |
| 606 | 0 | @a建筑艺术@Ajian zhu yi shu@y世界 |
| 606 | 0 | @a建筑设计 |
| 690 | @aTU206@v4 | |
| 701 | 0 | @a奥赫达@Aao he da@4编 |
| 701 | 1 | @a奥赫达@AAoheda@g(Ojeda, Oscar Riera)@4编 |
| 702 | 0 | @a张育南@AZhang Yu'nan@4译 |
| 801 | @aCN@c20061121 | |
| 905 | @apdsgxy@dTU206@eA7601 | |
| 998 | @aWUL | |
| 阿德里安·卢基尼/(美)奥赫达编/= Oscar Riera Ojeda/张育南译.-北京:中国建筑工业出版社,2000 |
| 143页:图 (部分彩图), 肖像;22cm.-(当代国外著名建筑师作品精选= Contemporary world architects) |
| ISBN 7-112-04376-X:CNY 68.00 |
| ● |
| 相关链接 |
|
|
|
正题名:阿德里安·卢基尼
索取号:TU206/A7601
 
预约/预借
| 序号 | 登录号 | 条形码 | 馆藏地/架位号 | 状态 | 备注 |
| 1 | 613505 | 206135056 | 建筑库101/101建筑库 40排3列1层/ [索取号:TU206/A7601] | 在馆 | |
| 2 | 613506 | 206135065 | 建筑库101/101建筑库 40排3列1层/ [索取号:TU206/A7601] | 在馆 | |
| 3 | 613507 | 206135074 | 建筑库101/101建筑库 40排3列1层/ [索取号:TU206/A7601] | 在馆 |